[Event "Deutsche Ländermeisterschaft 2017"]
[Site "Hannover GER"]
[Date "2017.10.02"]
[Round "4"]
[White "Sawlin, Leonid"]
[Black "Ruff, Maximilian"]
[Result "1-0"]
[Termination "normal"]
[Board "1.1"]
[WhiteTitle "FM"]
[BlackTitle "FM"]
[WhiteElo "2364"]
[BlackElo "2315"]
[WhiteClock "00:19:22"]
[BlackClock "00:00:38"]
[WhiteTeam "Berlin"]
[BlackTeam "Baden 1"]
[PlyCount "61"]
[WhiteFideId "4689542"]
[BlackFideId "1271670"]
[EventCountry "GER"]
[EventRounds "7"]
[EventType "team-swiss"]
[EventDate "2017.09.29"]

1. e4 {[%clk 1:30:50]} e5 {[%clk 1:30:49]} 2. Nf3 {[%clk 1:31:15]} Nc6 {[%clk
1:31:14]} 3. d4 {[%clk 1:31:13]} exd4 {[%clk 1:31:36]} 4. Nxd4 {[%clk 1:31:40]}
Bc5 {[%clk 1:31:12]} 5. Nb3 {[%clk 1:32:06]} Bb6 {[%clk 1:31:30]} 6. Nc3 {[%clk
1:32:32]} Nf6 {[%clk 1:31:20]} 7. Qe2 {[%clk 1:31:36]} a5 {[%clk 1:31:18]} 8.
e5 {[%clk 1:24:05]} O-O {[%clk 1:30:00]} 9. exf6 {[%clk 1:20:02]} a4 {[%clk
1:30:15]} 10. Qg4 {[%clk 1:03:30]} Qxf6 {[%clk 1:22:52]} 11. Nd2 {[%clk
1:03:10]} Qxf2+ {[%clk 1:01:23]} 12. Kd1 {[%clk 1:03:30]} d5 {[%clk 1:00:15]}
13. Qg3 {[%clk 0:59:27]} Qd4 {[%clk 0:55:48]} 14. Bd3 {[%clk 0:52:50]} Bg4+
{[%clk 0:31:02]} 15. Nf3 {[%clk 0:49:47]} a3 {[%clk 0:26:31]} 16. Rb1 {[%clk
0:49:59]} Rfe8 {[%clk 0:18:01]} 17. Ne2 {[%clk 0:46:36]} Bxf3 {[%clk 0:17:15]}
18. Qxf3 {[%clk 0:43:45]} Qh4 {[%clk 0:15:50]} 19. g3 {[%clk 0:38:54]} Qe7
{[%clk 0:15:24]} 20. Bf4 {[%clk 0:36:36]} axb2 {[%clk 0:13:29]} 21. Rxb2 {[%clk
0:36:17]} Qf6 {[%clk 0:12:11]} 22. Kc1 {[%clk 0:30:38]} Nd4 {[%clk 0:08:50]}
23. Nxd4 {[%clk 0:29:08]} Bxd4 {[%clk 0:09:18]} 24. Rb1 {[%clk 0:28:19]} Be3+
{[%clk 0:01:28]} 25. Kd1 {[%clk 0:27:44]} Rxa2 {[%clk 0:01:12]} 26. Re1 {[%clk
0:19:22]} Ra1 {[%clk 0:00:57]} 27. Rxe3 {[%clk 0:18:38]} Rxb1+ {[%clk 0:01:15]}
28. Kd2 {[%clk 0:18:55]} Ra8 {[%clk 0:00:41]} 29. Qxd5 {[%clk 0:18:58]} Qb2
{[%clk 0:00:35]} 30. Ke2 {[%clk 0:18:59]} Qc3 {[%clk 0:00:38]} 31. Bxh7+ {[%clk
0:19:22]} 1-0

[Event "Deutsche Ländermeisterschaft 2017"]
[Site "Hannover GER"]
[Date "2017.10.02"]
[Round "4"]
[White "Heinemann, Josefine"]
[Black "Schmidek, Emil"]
[Result "1/2-1/2"]
[Termination "normal"]
[Board "1.2"]
[WhiteTitle "WIM"]
[BlackTitle "FM"]
[WhiteElo "2292"]
[BlackElo "2414"]
[WhiteClock "00:42:25"]
[BlackClock "00:19:05"]
[WhiteTeam "Baden 1"]
[BlackTeam "Berlin"]
[PlyCount "71"]
[WhiteFideId "12900460"]
[BlackFideId "12908150"]
[EventCountry "GER"]
[EventRounds "7"]
[EventType "team-swiss"]
[EventDate "2017.09.29"]

1. e4 {[%clk 1:30:58]} e5 {[%clk 1:30:57]} 2. Nf3 {[%clk 1:31:24]} Nc6 {[%clk
1:31:22]} 3. Bb5 {[%clk 1:31:50]} a6 {[%clk 1:31:40]} 4. Ba4 {[%clk 1:32:16]}
Nf6 {[%clk 1:32:06]} 5. O-O {[%clk 1:32:39]} Be7 {[%clk 1:32:33]} 6. Re1 {[%clk
1:33:05]} b5 {[%clk 1:32:58]} 7. Bb3 {[%clk 1:33:31]} d6 {[%clk 1:33:24]} 8. c3
{[%clk 1:33:54]} O-O {[%clk 1:33:47]} 9. h3 {[%clk 1:34:20]} Nb8 {[%clk
1:34:10]} 10. d4 {[%clk 1:33:33]} Nbd7 {[%clk 1:34:30]} 11. Nbd2 {[%clk
1:33:37]} Bb7 {[%clk 1:34:47]} 12. Bc2 {[%clk 1:33:19]} Re8 {[%clk 1:35:03]}
13. a4 {[%clk 1:33:39]} c5 {[%clk 1:33:40]} 14. d5 {[%clk 1:33:20]} c4 {[%clk
1:33:52]} 15. b3 {[%clk 1:33:06]} cxb3 {[%clk 1:30:15]} 16. Nxb3 {[%clk
1:33:29]} Qc7 {[%clk 1:20:34]} 17. Bd2 {[%clk 1:30:20]} bxa4 {[%clk 1:17:20]}
18. Rxa4 {[%clk 1:30:14]} Nb6 {[%clk 1:17:01]} 19. Ra1 {[%clk 1:26:12]} Nc4
{[%clk 1:15:46]} 20. Bc1 {[%clk 1:22:23]} a5 {[%clk 1:05:21]} 21. Bd3 {[%clk
1:15:07]} Ba6 {[%clk 0:48:32]} 22. Qe2 {[%clk 1:11:26]} Bb5 {[%clk 0:41:22]}
23. Bg5 {[%clk 0:59:51]} a4 {[%clk 0:32:59]} 24. Nbd2 {[%clk 0:59:16]} Rec8
{[%clk 0:31:50]} 25. Bxc4 {[%clk 0:55:04]} Bxc4 {[%clk 0:31:49]} 26. Nxc4
{[%clk 0:55:31]} Qxc4 {[%clk 0:32:07]} 27. Qxc4 {[%clk 0:55:57]} Rxc4 {[%clk
0:32:30]} 28. Bxf6 {[%clk 0:56:23]} Bxf6 {[%clk 0:32:35]} 29. Ra3 {[%clk
0:56:47]} Rac8 {[%clk 0:24:15]} 30. Nd2 {[%clk 0:51:42]} Rxc3 {[%clk 0:24:37]}
31. Rxa4 {[%clk 0:52:08]} Rc2 {[%clk 0:22:43]} 32. Nf3 {[%clk 0:51:37]} Rb2
{[%clk 0:22:33]} 33. Rea1 {[%clk 0:48:42]} g6 {[%clk 0:18:31]} 34. Ra8 {[%clk
0:48:04]} Rxa8 {[%clk 0:18:38]} 35. Rxa8+ {[%clk 0:48:29]} Kg7 {[%clk 0:19:05]}
36. Ra3 {[%clk 0:42:25]} 1/2-1/2

[Event "Deutsche Ländermeisterschaft 2017"]
[Site "Hannover GER"]
[Date "2017.10.02"]
[Round "4"]
[White "Lagunow, Raphael"]
[Black "Gschnitzer, Adrian"]
[Result "1-0"]
[Termination "normal"]
[Board "1.3"]
[WhiteTitle "FM"]
[WhiteElo "2357"]
[BlackElo "2351"]
[WhiteClock "00:02:01"]
[BlackClock "00:01:11"]
[WhiteTeam "Berlin"]
[BlackTeam "Baden 1"]
[PlyCount "79"]
[WhiteFideId "24652644"]
[BlackFideId "1270337"]
[EventCountry "GER"]
[EventRounds "7"]
[EventType "team-swiss"]
[EventDate "2017.09.29"]

1. e4 {[%clk 1:30:56]} c5 {[%clk 1:30:53]} 2. Nf3 {[%clk 1:31:20]} Nc6 {[%clk
1:31:16]} 3. d4 {[%clk 1:31:38]} cxd4 {[%clk 1:31:38]} 4. Nxd4 {[%clk 1:31:58]}
e5 {[%clk 1:31:08]} 5. Nb5 {[%clk 1:31:22]} d6 {[%clk 1:31:30]} 6. N1c3 {[%clk
1:30:33]} a6 {[%clk 1:31:49]} 7. Na3 {[%clk 1:30:58]} b5 {[%clk 1:31:44]} 8.
Nd5 {[%clk 1:30:34]} Nge7 {[%clk 1:31:55]} 9. c4 {[%clk 1:30:11]} Nxd5 {[%clk
1:32:14]} 10. exd5 {[%clk 1:19:14]} Nd4 {[%clk 1:32:34]} 11. cxb5 {[%clk
1:18:39]} Be7 {[%clk 1:32:55]} 12. Bc4 {[%clk 1:11:24]} O-O {[%clk 1:30:44]}
13. bxa6 {[%clk 1:06:04]} f5 {[%clk 1:25:16]} 14. Be3 {[%clk 0:59:35]} f4
{[%clk 1:21:11]} 15. Bxd4 {[%clk 0:58:10]} exd4 {[%clk 1:21:38]} 16. O-O {[%clk
0:56:40]} f3 {[%clk 1:19:27]} 17. g3 {[%clk 0:53:23]} Bxa6 {[%clk 0:53:00]} 18.
Re1 {[%clk 0:50:51]} Bb7 {[%clk 0:39:11]} 19. Nb5 {[%clk 0:40:24]} Qd7 {[%clk
0:33:07]} 20. Nxd4 {[%clk 0:37:04]} Bf6 {[%clk 0:27:49]} 21. Nxf3 {[%clk
0:28:10]} Bxb2 {[%clk 0:27:18]} 22. Rb1 {[%clk 0:28:29]} Ba3 {[%clk 0:26:46]}
23. Nd2 {[%clk 0:25:14]} Qf7 {[%clk 0:18:03]} 24. Ne4 {[%clk 0:23:26]} Rac8
{[%clk 0:15:33]} 25. Qd3 {[%clk 0:20:22]} Rxc4 {[%clk 0:14:40]} 26. Qxc4 {[%clk
0:13:07]} Bxd5 {[%clk 0:14:37]} 27. Qc2 {[%clk 0:10:56]} Bxa2 {[%clk 0:09:50]}
28. Ra1 {[%clk 0:05:30]} Bb3 {[%clk 0:09:52]} 29. Qd2 {[%clk 0:05:47]} Bc5
{[%clk 0:08:56]} 30. Nxc5 {[%clk 0:05:25]} dxc5 {[%clk 0:09:20]} 31. Re5 {[%clk
0:04:42]} Qf6 {[%clk 0:03:39]} 32. Rae1 {[%clk 0:04:30]} Ba4 {[%clk 0:02:08]}
33. f4 {[%clk 0:03:36]} Kh8 {[%clk 0:00:56]} 34. Rxc5 {[%clk 0:02:41]} Rd8
{[%clk 0:01:16]} 35. Qb4 {[%clk 0:02:07]} Be8 {[%clk 0:00:32]} 36. Rd5 {[%clk
0:01:25]} Rc8 {[%clk 0:00:32]} 37. Qd4 {[%clk 0:01:53]} Qf7 {[%clk 0:00:32]}
38. Rd8 {[%clk 0:01:37]} Rxd8 {[%clk 0:00:50]} 39. Qxd8 {[%clk 0:02:06]} Qa7+
{[%clk 0:01:11]} 40. Kg2 {[%clk 0:02:01]} 1-0

[Event "Deutsche Ländermeisterschaft 2017"]
[Site "Hannover GER"]
[Date "2017.10.02"]
[Round "4"]
[White "Färber, David"]
[Black "Wiesner, Paula"]
[Result "1/2-1/2"]
[Termination "normal"]
[Board "1.4"]
[WhiteElo "2247"]
[BlackElo "2013"]
[WhiteClock "00:18:09"]
[BlackClock "00:13:06"]
[WhiteTeam "Baden 1"]
[BlackTeam "Berlin"]
[PlyCount "115"]
[WhiteFideId "12971294"]
[BlackFideId "24654019"]
[EventCountry "GER"]
[EventRounds "7"]
[EventType "team-swiss"]
[EventDate "2017.09.29"]

1. e4 {[%clk 1:30:57]} Nf6 {[%clk 1:30:57]} 2. e5 {[%clk 1:31:08]} Nd5 {[%clk
1:31:20]} 3. d4 {[%clk 1:31:31]} Nb6 {[%clk 1:31:40]} 4. c4 {[%clk 1:30:08]} d6
{[%clk 1:31:11]} 5. exd6 {[%clk 1:30:19]} cxd6 {[%clk 1:31:33]} 6. Nc3 {[%clk
1:30:40]} g6 {[%clk 1:31:36]} 7. Be3 {[%clk 1:31:02]} Bg7 {[%clk 1:31:42]} 8.
Rc1 {[%clk 1:31:24]} O-O {[%clk 1:29:23]} 9. b3 {[%clk 1:31:46]} Nc6 {[%clk
1:22:00]} 10. d5 {[%clk 1:30:06]} Ne5 {[%clk 1:21:56]} 11. Be2 {[%clk 1:30:28]}
f5 {[%clk 1:07:21]} 12. f4 {[%clk 1:29:28]} Ned7 {[%clk 1:04:36]} 13. Nf3
{[%clk 1:26:54]} Nf6 {[%clk 0:57:31]} 14. Nd4 {[%clk 1:23:42]} Bd7 {[%clk
0:53:28]} 15. O-O {[%clk 1:22:14]} Rc8 {[%clk 0:42:45]} 16. Qd2 {[%clk
1:20:11]} Re8 {[%clk 0:39:18]} 17. Bf3 {[%clk 1:17:47]} a5 {[%clk 0:35:28]} 18.
Rfe1 {[%clk 1:04:24]} a4 {[%clk 0:32:35]} 19. Ne6 {[%clk 0:59:01]} Bxe6 {[%clk
0:32:50]} 20. dxe6 {[%clk 0:59:23]} axb3 {[%clk 0:31:59]} 21. axb3 {[%clk
0:59:08]} Rb8 {[%clk 0:30:39]} 22. Red1 {[%clk 0:56:37]} Ng4 {[%clk 0:27:20]}
23. Bxg4 {[%clk 0:50:39]} fxg4 {[%clk 0:27:45]} 24. Qe2 {[%clk 0:49:09]} Ra8
{[%clk 0:26:10]} 25. Qxg4 {[%clk 0:39:15]} Ra3 {[%clk 0:24:19]} 26. f5 {[%clk
0:35:14]} gxf5 {[%clk 0:22:12]} 27. Qxf5 {[%clk 0:33:38]} Rf8 {[%clk 0:21:52]}
28. Qg4 {[%clk 0:29:22]} Kh8 {[%clk 0:21:06]} 29. Bd4 {[%clk 0:27:57]} Rg8
{[%clk 0:20:42]} 30. Rd3 {[%clk 0:24:54]} Rxb3 {[%clk 0:18:55]} 31. Rg3 {[%clk
0:24:53]} Be5 {[%clk 0:17:46]} 32. Qe4 {[%clk 0:19:24]} Nxc4 {[%clk 0:14:50]}
33. Ne2 {[%clk 0:15:33]} Rbxg3 {[%clk 0:14:15]} 34. Nxg3 {[%clk 0:13:07]} Bxd4+
{[%clk 0:13:51]} 35. Qxd4+ {[%clk 0:13:35]} Ne5 {[%clk 0:14:14]} 36. Qb4 {[%clk
0:10:57]} Qf8 {[%clk 0:12:36]} 37. Qxb7 {[%clk 0:07:58]} Qf6 {[%clk 0:11:35]}
38. Qb3 {[%clk 0:06:24]} Ng4 {[%clk 0:09:26]} 39. Qc3 {[%clk 0:05:39]} Qxc3
{[%clk 0:08:01]} 40. Rxc3 {[%clk 0:06:02]} Kg7 {[%clk 0:04:54]} 41. Rf3 {[%clk
0:28:11]} Ne5 {[%clk 0:27:34]} 42. Rf1 {[%clk 0:27:17]} Rb8 {[%clk 0:25:56]}
43. Nf5+ {[%clk 0:26:33]} Kf6 {[%clk 0:25:33]} 44. Nxd6+ {[%clk 0:26:37]} Kxe6
{[%clk 0:25:52]} 45. Ne4 {[%clk 0:26:55]} Kd5 {[%clk 0:24:20]} 46. Ng5 {[%clk
0:26:29]} h6 {[%clk 0:23:36]} 47. Rd1+ {[%clk 0:26:49]} Kc4 {[%clk 0:22:30]}
48. Ne4 {[%clk 0:25:04]} Nd3 {[%clk 0:20:31]} 49. Nd2+ {[%clk 0:22:09]} Kc3
{[%clk 0:19:08]} 50. Ne4+ {[%clk 0:20:43]} Kc4 {[%clk 0:16:58]} 51. Ng3 {[%clk
0:19:31]} Rb5 {[%clk 0:15:55]} 52. Rf1 {[%clk 0:19:22]} e5 {[%clk 0:13:10]} 53.
Nf5 {[%clk 0:18:13]} Rb6 {[%clk 0:13:01]} 54. Ne3+ {[%clk 0:17:27]} Kd4 {[%clk
0:12:37]} 55. Nf5+ {[%clk 0:17:14]} Kc4 {[%clk 0:12:35]} 56. Ne3+ {[%clk
0:17:19]} Kd4 {[%clk 0:12:51]} 57. Nf5+ {[%clk 0:17:44]} Kc4 {[%clk 0:13:06]}
58. Ne3+ {[%clk 0:18:09]} 1/2-1/2

[Event "Deutsche Ländermeisterschaft 2017"]
[Site "Hannover GER"]
[Date "2017.10.02"]
[Round "4"]
[White "Bui, Bao Anh Le"]
[Black "Trifan, Andrei Ioan"]
[Result "0-1"]
[Termination "normal"]
[Board "1.5"]
[WhiteElo "1896"]
[BlackElo "2197"]
[WhiteClock "00:28:43"]
[BlackClock "00:25:59"]
[WhiteTeam "Berlin"]
[BlackTeam "Baden 1"]
[PlyCount "100"]
[WhiteFideId "12970719"]
[BlackFideId "12967068"]
[EventCountry "GER"]
[EventRounds "7"]
[EventType "team-swiss"]
[EventDate "2017.09.29"]

1. e4 {[%clk 1:30:51]} e5 {[%clk 1:30:21]} 2. Nf3 {[%clk 1:31:16]} Nc6 {[%clk
1:30:48]} 3. Bc4 {[%clk 1:31:42]} Bc5 {[%clk 1:31:02]} 4. c3 {[%clk 1:31:28]}
Nf6 {[%clk 1:31:04]} 5. d3 {[%clk 1:31:51]} O-O {[%clk 1:30:46]} 6. Bb3 {[%clk
1:32:04]} d5 {[%clk 1:26:17]} 7. Qe2 {[%clk 1:31:49]} h6 {[%clk 1:18:49]} 8.
Nbd2 {[%clk 1:28:22]} Bg4 {[%clk 1:09:16]} 9. Nf1 {[%clk 1:18:51]} a5 {[%clk
1:03:14]} 10. a4 {[%clk 1:15:32]} Be6 {[%clk 0:57:49]} 11. Bc2 {[%clk 1:02:47]}
Ng4 {[%clk 0:54:04]} 12. Ne3 {[%clk 0:59:45]} f5 {[%clk 0:47:18]} 13. h3 {[%clk
0:53:07]} Nxe3 {[%clk 0:39:12]} 14. fxe3 {[%clk 0:49:53]} fxe4 {[%clk 0:33:54]}
15. dxe4 {[%clk 0:49:30]} d4 {[%clk 0:33:27]} 16. O-O {[%clk 0:45:16]} dxc3
{[%clk 0:31:15]} 17. bxc3 {[%clk 0:45:19]} Qe7 {[%clk 0:30:24]} 18. Kh1 {[%clk
0:42:19]} Rf6 {[%clk 0:28:15]} 19. Rb1 {[%clk 0:39:30]} b6 {[%clk 0:27:15]} 20.
Qb5 {[%clk 0:37:15]} Raf8 {[%clk 0:26:22]} 21. Bb3 {[%clk 0:35:13]} Bxb3 {[%clk
0:24:44]} 22. Qxb3+ {[%clk 0:34:16]} Kh7 {[%clk 0:24:53]} 23. Rb2 {[%clk
0:16:15]} Nd8 {[%clk 0:20:31]} 24. Rbf2 {[%clk 0:14:37]} Kh8 {[%clk 0:19:51]}
25. Qd5 {[%clk 0:13:25]} c6 {[%clk 0:18:09]} 26. Qa2 {[%clk 0:12:58]} Nb7
{[%clk 0:16:33]} 27. Qe2 {[%clk 0:09:05]} Nd6 {[%clk 0:14:53]} 28. Nd2 {[%clk
0:04:03]} Rxf2 {[%clk 0:11:09]} 29. Rxf2 {[%clk 0:04:26]} Rxf2 {[%clk 0:11:06]}
30. Qxf2 {[%clk 0:04:56]} Qg5 {[%clk 0:10:41]} 31. Nf3 {[%clk 0:01:29]} Nxe4
{[%clk 0:09:21]} 32. Qc2 {[%clk 0:01:00]} Qf5 {[%clk 0:05:56]} 33. Kg1 {[%clk
0:01:19]} Qf4 {[%clk 0:04:31]} 34. Qd3 {[%clk 0:01:11]} Nf6 {[%clk 0:04:20]}
35. Qe2 {[%clk 0:01:00]} Qe4 {[%clk 0:04:24]} 36. Ne1 {[%clk 0:00:49]} Nd5
{[%clk 0:03:19]} 37. Qd3 {[%clk 0:00:48]} Qxa4 {[%clk 0:02:06]} 38. c4 {[%clk
0:01:05]} Nf6 {[%clk 0:01:58]} 39. Qd8+ {[%clk 0:00:53]} Kh7 {[%clk 0:02:17]}
40. Qd3+ {[%clk 0:01:20]} e4 {[%clk 0:02:27]} 41. Qe2 {[%clk 0:29:52]} Qb3
{[%clk 0:30:13]} 42. Kf1 {[%clk 0:28:38]} a4 {[%clk 0:29:03]} 43. Qc2 {[%clk
0:27:56]} Bxe3 {[%clk 0:28:40]} 44. Qxb3 {[%clk 0:27:12]} axb3 {[%clk 0:28:44]}
45. Bb2 {[%clk 0:27:41]} c5 {[%clk 0:27:40]} 46. Ke2 {[%clk 0:27:48]} Bd4
{[%clk 0:27:41]} 47. Bxd4 {[%clk 0:28:00]} cxd4 {[%clk 0:27:58]} 48. Kd2 {[%clk
0:28:28]} Nh5 {[%clk 0:27:31]} 49. Kc1 {[%clk 0:28:43]} d3 {[%clk 0:25:43]} 50.
g4 {[%clk 0:28:43]} b2+ {[%clk 0:25:59]} 0-1

[Event "Deutsche Ländermeisterschaft 2017"]
[Site "Hannover GER"]
[Date "2017.10.02"]
[Round "4"]
[White "Mütsch, Annmarie"]
[Black "Schnabel, Luise"]
[Result "1/2-1/2"]
[Termination "normal"]
[Board "1.6"]
[WhiteElo "2137"]
[BlackElo "1672"]
[WhiteClock "00:00:49"]
[BlackClock "00:03:56"]
[WhiteTeam "Baden 1"]
[BlackTeam "Berlin"]
[PlyCount "119"]
[WhiteFideId "12971367"]
[BlackFideId "12943347"]
[EventCountry "GER"]
[EventRounds "7"]
[EventType "team-swiss"]
[EventDate "2017.09.29"]

1. e4 {[%clk 1:30:58]} Nf6 {[%clk 1:30:52]} 2. e5 {[%clk 1:31:22]} Nd5 {[%clk
1:31:17]} 3. c4 {[%clk 1:31:45]} Nb6 {[%clk 1:31:41]} 4. d4 {[%clk 1:32:11]} d6
{[%clk 1:32:00]} 5. exd6 {[%clk 1:32:35]} cxd6 {[%clk 1:32:24]} 6. Nc3 {[%clk
1:32:56]} g6 {[%clk 1:32:42]} 7. Be3 {[%clk 1:33:17]} Bg7 {[%clk 1:33:04]} 8.
Rc1 {[%clk 1:33:34]} O-O {[%clk 1:33:18]} 9. b3 {[%clk 1:33:48]} Nc6 {[%clk
1:33:12]} 10. Nf3 {[%clk 1:33:04]} Bg4 {[%clk 1:32:07]} 11. Be2 {[%clk
1:33:03]} d5 {[%clk 1:31:19]} 12. c5 {[%clk 1:31:27]} Nc8 {[%clk 1:31:41]} 13.
O-O {[%clk 1:30:32]} e6 {[%clk 1:30:49]} 14. h3 {[%clk 1:22:02]} Bxf3 {[%clk
1:30:58]} 15. Bxf3 {[%clk 1:22:26]} N8e7 {[%clk 1:30:23]} 16. g4 {[%clk
0:46:24]} f5 {[%clk 1:10:16]} 17. Ne2 {[%clk 0:31:25]} fxg4 {[%clk 0:51:56]}
18. Bxg4 {[%clk 0:31:48]} Nf5 {[%clk 0:51:31]} 19. Bxf5 {[%clk 0:31:06]} Rxf5
{[%clk 0:48:40]} 20. Ng3 {[%clk 0:30:56]} Rf7 {[%clk 0:46:01]} 21. Qg4 {[%clk
0:30:44]} Qf6 {[%clk 0:43:49]} 22. Rcd1 {[%clk 0:27:40]} h5 {[%clk 0:39:12]}
23. Qe2 {[%clk 0:24:43]} h4 {[%clk 0:35:39]} 24. Nh1 {[%clk 0:25:02]} Qf3
{[%clk 0:32:48]} 25. Qxf3 {[%clk 0:24:57]} Rxf3 {[%clk 0:33:11]} 26. Kg2 {[%clk
0:24:30]} Raf8 {[%clk 0:30:59]} 27. Bg5 {[%clk 0:17:57]} Bxd4 {[%clk 0:27:33]}
28. Rfe1 {[%clk 0:13:55]} e5 {[%clk 0:24:15]} 29. Bxh4 {[%clk 0:13:21]} Nb4
{[%clk 0:22:08]} 30. Bg3 {[%clk 0:07:49]} Nd3 {[%clk 0:18:53]} 31. Re2 {[%clk
0:07:14]} e4 {[%clk 0:18:01]} 32. b4 {[%clk 0:06:29]} Bc3 {[%clk 0:09:07]} 33.
a3 {[%clk 0:05:49]} a5 {[%clk 0:08:50]} 34. Bd6 {[%clk 0:03:45]} R8f7 {[%clk
0:07:52]} 35. b5 {[%clk 0:03:41]} Rd7 {[%clk 0:03:32]} 36. a4 {[%clk 0:00:38]}
Kf7 {[%clk 0:03:12]} 37. Ng3 {[%clk 0:00:42]} Bd4 {[%clk 0:01:32]} 38. Rc2
{[%clk 0:00:39]} Rxf2+ {[%clk 0:00:55]} 39. Rxf2+ {[%clk 0:01:02]} Bxf2 {[%clk
0:01:18]} 40. Rxd3 {[%clk 0:01:08]} exd3 {[%clk 0:01:44]} 41. Kxf2 {[%clk
0:01:33]} Ke6 {[%clk 0:28:11]} 42. Ke3 {[%clk 0:14:47]} Rh7 {[%clk 0:20:59]}
43. Kxd3 {[%clk 0:10:45]} Rxh3 {[%clk 0:18:01]} 44. Kc2 {[%clk 0:06:10]} Rh4
{[%clk 0:15:55]} 45. Ne2 {[%clk 0:03:32]} g5 {[%clk 0:12:37]} 46. Kd3 {[%clk
0:02:29]} Rxa4 {[%clk 0:08:30]} 47. Nd4+ {[%clk 0:02:37]} Kd7 {[%clk 0:08:17]}
48. Be5 {[%clk 0:01:11]} Rc4 {[%clk 0:06:34]} 49. c6+ {[%clk 0:00:39]} bxc6
{[%clk 0:06:47]} 50. bxc6+ {[%clk 0:01:02]} Rxc6 {[%clk 0:06:57]} 51. Nxc6
{[%clk 0:00:34]} Kxc6 {[%clk 0:07:24]} 52. Kc3 {[%clk 0:00:39]} Kc5 {[%clk
0:07:27]} 53. Bf6 {[%clk 0:00:32]} g4 {[%clk 0:07:44]} 54. Be7+ {[%clk
0:00:47]} Kc6 {[%clk 0:07:45]} 55. Bh4 {[%clk 0:00:48]} Kc5 {[%clk 0:04:33]}
56. Bf2+ {[%clk 0:00:54]} Kb5 {[%clk 0:04:59]} 57. Kd4 {[%clk 0:00:46]} a4
{[%clk 0:03:30]} 58. Kxd5 {[%clk 0:00:47]} a3 {[%clk 0:03:49]} 59. Ke4 {[%clk
0:00:33]} Kc4 {[%clk 0:03:56]} 60. Bh4 {[%clk 0:00:49]} 1/2-1/2

[Event "Deutsche Ländermeisterschaft 2017"]
[Site "Hannover GER"]
[Date "2017.10.02"]
[Round "4"]
[White "Tham, Nam"]
[Black "Ziegenfuß, Antonia"]
[Result "1/2-1/2"]
[Termination "normal"]
[Board "1.7"]
[WhiteElo "1683"]
[BlackElo "1956"]
[WhiteClock "01:40:03"]
[BlackClock "00:29:53"]
[WhiteTeam "Berlin"]
[BlackTeam "Baden 1"]
[PlyCount "109"]
[WhiteFideId "12997331"]
[BlackFideId "12962554"]
[EventCountry "GER"]
[EventRounds "7"]
[EventType "team-swiss"]
[EventDate "2017.09.29"]

1. e4 {[%clk 1:30:54]} c5 {[%clk 1:30:53]} 2. Nf3 {[%clk 1:31:18]} e6 {[%clk
1:31:18]} 3. d4 {[%clk 1:31:42]} cxd4 {[%clk 1:31:43]} 4. Nxd4 {[%clk 1:31:58]}
Nf6 {[%clk 1:32:05]} 5. Nc3 {[%clk 1:32:08]} Nc6 {[%clk 1:32:23]} 6. Nxc6
{[%clk 1:31:53]} bxc6 {[%clk 1:32:31]} 7. Bd3 {[%clk 1:32:16]} Bb4 {[%clk
1:29:03]} 8. O-O {[%clk 1:32:18]} O-O {[%clk 1:27:55]} 9. Bg5 {[%clk 1:27:35]}
Be7 {[%clk 1:24:35]} 10. Bf4 {[%clk 1:25:52]} d5 {[%clk 1:20:41]} 11. Qe2
{[%clk 1:25:58]} Re8 {[%clk 1:04:03]} 12. Rad1 {[%clk 1:23:32]} Qb6 13. Na4
{[%clk 1:22:46]} Qb4 {[%clk 0:56:12]} 14. b3 {[%clk 1:23:05]} dxe4 {[%clk
0:50:07]} 15. Bc4 {[%clk 1:23:21]} e5 {[%clk 0:44:03]} 16. Bd2 {[%clk 1:18:54]}
Qb7 {[%clk 0:42:44]} 17. h3 {[%clk 1:19:05]} Bf5 {[%clk 0:41:52]} 18. Bc3
{[%clk 1:19:15]} Bb4 {[%clk 0:39:38]} 19. Bb2 {[%clk 1:18:59]} Nd5 {[%clk
0:37:17]} 20. a3 {[%clk 1:18:21]} Be7 {[%clk 0:29:21]} 21. Bxd5 {[%clk
1:17:22]} cxd5 {[%clk 0:29:43]} 22. Bxe5 {[%clk 1:17:43]} Bxa3 {[%clk 0:29:31]}
23. Ba1 {[%clk 1:17:47]} Rac8 {[%clk 0:23:57]} 24. Nc3 {[%clk 1:17:41]} Red8
{[%clk 0:23:07]} 25. Qe3 {[%clk 1:17:23]} Bc5 {[%clk 0:22:35]} 26. Qg5 {[%clk
1:17:19]} Bg6 {[%clk 0:10:01]} 27. Nxd5 {[%clk 1:16:16]} f6 {[%clk 0:08:47]}
28. Nxf6+ {[%clk 1:12:01]} gxf6 {[%clk 0:08:37]} 29. Rxd8+ {[%clk 1:12:22]}
Rxd8 {[%clk 0:08:48]} 30. Qxc5 {[%clk 1:12:46]} Qg7 {[%clk 0:04:02]} 31. Qc6
{[%clk 1:11:32]} Rf8 {[%clk 0:02:46]} 32. Rd1 {[%clk 1:11:31]} Rf7 {[%clk
0:00:48]} 33. Rd8+ {[%clk 1:09:28]} Rf8 {[%clk 0:01:14]} 34. Qe6+ {[%clk
1:08:04]} Qf7 {[%clk 0:01:04]} 35. Qxf7+ {[%clk 1:07:16]} Kxf7 {[%clk 0:01:28]}
36. Rxf8+ {[%clk 1:07:42]} Kxf8 {[%clk 0:01:53]} 37. Bxf6 {[%clk 1:08:05]} e3
{[%clk 0:01:24]} 38. fxe3 {[%clk 1:08:27]} Bxc2 {[%clk 0:01:50]} 39. b4 {[%clk
1:08:53]} a6 {[%clk 0:02:12]} 40. Kf2 {[%clk 1:09:11]} Kf7 {[%clk 0:02:29]} 41.
Bd4 {[%clk 1:09:33]} Ke6 {[%clk 0:02:28]} 42. Kf3 {[%clk 1:08:53]} Kd5 {[%clk
0:02:07]} 43. Bb6 {[%clk 1:09:01]} Be4+ {[%clk 0:01:35]} 44. Kf2 {[%clk
1:09:15]} Kc4 {[%clk 0:01:23]} 45. Ba5 {[%clk 1:09:40]} Kd3 {[%clk 0:01:04]}
46. g4 {[%clk 1:10:04]} Bc6 {[%clk 0:00:46]} 47. h4 {[%clk 1:09:35]} Ke4 {[%clk
0:00:46]} 48. Bd8 {[%clk 1:09:46]} Bd7 {[%clk 0:01:04]} 49. g5 {[%clk 1:09:50]}
Be8 {[%clk 0:01:16]} 50. Be7 {[%clk 1:09:47]} Bh5 {[%clk 0:01:31]} 51. Bf8
{[%clk 1:10:04]} Bd1 {[%clk 0:00:48]} 52. Be7 {[%clk 1:10:02]} Bh5 {[%clk
0:00:41]} 53. Bf8 {[%clk 1:10:22]} Bg6 {[%clk 0:30:15]} 54. Be7 {[%clk
1:41:15]} Bh5 {[%clk 0:29:53]} 55. Bf8 {[%clk 1:40:03]} 1/2-1/2